New interventions for children and youth : action-research approaches /

Bibliographic Details
Main Author: Rapoport, Robert N.
Format: Book
Language:English
Published: Cambridge [Cambridgeshire] ; New York : Cambridge University Press, 1987.
Subjects:

MARC

Tag First Indicator Second Indicator Subfields
LEADER 00000cam a2200000 a 4500
001 in00000015415
005 20151007053046.0
008 870807s1987 enka b 00110 eng
010 |a  87023860  
020 |a 0521341221 
035 |a (OCoLC)16526396 
035 |9 AAB0244AM 
040 |a DLC  |c DLC  |d TXA  |d UtOrBLW 
043 |a n-us--- 
049 |a TXAM  |c [A11081375] 
050 0 0 |a HV741  |b .R36 1987 
082 0 |a 362.7/4/0973  |2 19 
100 1 |a Rapoport, Robert N. 
245 1 0 |a New interventions for children and youth :  |b action-research approaches /  |c Robert N. Rapoport. 
264 1 |a Cambridge [Cambridgeshire] ;  |a New York :  |b Cambridge University Press,  |c 1987. 
300 |a viii, 275 pages :  |b illustrations ;  |c 24 cm. 
336 |a text  |b txt  |2 rdacontent 
337 |a unmediated  |b n  |2 rdamedia 
338 |a volume  |b nc  |2 rdacarrier 
504 |a Includes bibliographies and index. 
650 0 |a Problem children  |x Services for  |z United States  |x Case studies. 
650 0 |a Juvenile delinquents  |x Services for  |z United States  |x Case studies. 
650 0 |a Action research  |z United States  |x Case studies. 
999 |a MARS 
999 f f |s bb03818c-584d-35cb-a652-244a1929bd11  |i 4a8fc397-1c16-3ac6-b0ba-994872e64abb  |t 0 
952 f f |p ric  |a Texas A&M University  |b Rellis Campus  |c Joint Library Facility  |d Remote Storage  |t 0  |e HV741 .R36 1987  |h Library of Congress classification  |i unmediated -- volume  |m A14811081375 
998 f f |a HV741 .R36 1987  |t 0  |l Remote Storage